John: the Gospel of belief : (Record no. 7014)
[ view plain ]
| 000 -LEADER | |
|---|---|
| fixed length control field | 00549cam a22001811i 4500 |
| 001 - CONTROL NUMBER | |
| control field | 6479367 |
| 005 - DATE AND TIME OF LATEST TRANSACTION | |
| control field | 20250716170707.0 |
| 008 - FIXED-LENGTH DATA ELEMENTS--GENERAL INFORMATION | |
| fixed length control field | 760513s1948 miu b 001 0 eng |
| 020 ## - INTERNATIONAL STANDARD BOOK NUMBER | |
| International Standard Book Number | 0802832520 |
| 020 ## - INTERNATIONAL STANDARD BOOK NUMBER | |
| International Standard Book Number | 9780802832528 |
| 050 00 - LIBRARY OF CONGRESS CALL NUMBER | |
| Classification number | BS2615 |
| Item number | .T42 |
| 100 1# - MAIN ENTRY--PERSONAL NAME | |
| Personal name | Tenney, Merrill C. |
| Fuller form of name | (Merrill Chapin), |
| Dates associated with a name | 1904-1985. |
| 245 10 - TITLE STATEMENT | |
| Title | John: the Gospel of belief : |
| Remainder of title | an analytic study of the text / |
| Statement of responsibility, etc. | by Merrill C. Tenney. |
| 260 ## - PUBLICATION, DISTRIBUTION, ETC. | |
| Place of publication, distribution, etc. | Grand Rapids : |
| Name of publisher, distributor, etc. | Eerdmans, |
| Date of publication, distribution, etc. | 1948. |
| 300 ## - PHYSICAL DESCRIPTION | |
| Extent | 321 p. ; |
| Dimensions | 22 cm. |
| 500 ## - GENERAL NOTE | |
| General note | Includes index. |
| 942 ## - ADDED ENTRY ELEMENTS (KOHA) | |
| Source of classification or shelving scheme | Library of Congress Classification |
| Koha item type | Books |
| Suppress in OPAC | No |
| 999 ## - | |
| -- | 7014 |
| -- | 7014 |
| Withdrawn status | Lost status | Source of classification or shelving scheme | Damaged status | Not for loan | Collection | Home library | Current library | Shelving location | Date acquired | Total checkouts | Full call number | Barcode | Date last seen | Copy number | Price effective from | Koha item type |
|---|---|---|---|---|---|---|---|---|---|---|---|---|---|---|---|---|
| Library of Congress Classification | Non-fiction | Undergraduate Library (Christ Temple) | Undergraduate Library (Christ Temple) | General stacks | 07/16/2025 | BS 2616 TEN | ulct00003910 | 07/16/2025 | 1 | 07/16/2025 | Books |